|
|
|
|
| LEADER |
00917nam a2200241 i 4500 |
| 001 |
c000032767 |
| 003 |
CARM |
| 005 |
00000000000000.0 |
| 008 |
841212s1929 fr fre d |
| 019 |
1 |
|
|a 9709584
|5 LACONCORD2021
|
| 035 |
|
|
|a (OCoLC)1150003
|5 LACONCORD2021
|
| 100 |
1 |
|
|a Debussy, Claude,
|d 1862-1918.
|
| 245 |
1 |
0 |
|a Correspondance de Claude Debussy et P.-J. Toulet.
|
| 260 |
|
|
|a Paris :
|b Le Divan,
|c 1929.
|
| 300 |
|
|
|a 132 p.
|
| 490 |
0 |
|
|a Collection Saint-Germain des-Pres ;
|v no. 10
|
| 500 |
|
|
|a "Preface de l'editeur" signed: H.M.
|
| 600 |
1 |
0 |
|a Debussy, Claude,
|d 1862-1918.
|
| 600 |
1 |
0 |
|a Toulet, Paul Jean,
|d 1867-1920.
|
| 700 |
1 |
|
|a Toulet, Paul-Jean,
|d 1867-1920.
|
| 852 |
8 |
|
|b CARM
|h A2:AE02C0
|i B00694
|p 0038370
|f BK
|
| 999 |
f |
f |
|i b5be9eaa-b80d-5d49-842a-106c922d409c
|s f9bac3e9-4e5b-5c60-bae0-e419e25a8fc4
|
| 952 |
f |
f |
|p Can circulate
|a CAVAL
|b CAVAL
|c CAVAL
|d CARM 1 Store
|e B00694
|f A2:AE02C0
|h Other scheme
|i book
|m 0038370
|